书目信息 |
| 题名: |
宁静太阳
|
|
| 作者: | Gibson , 吉布森 著 ;林元章 译 | |
| 分册: | ||
| 出版信息: | 北京 科学出版社 1981 |
|
| 页数: | 237页 | |
| 开本: | 25cm | |
| 丛书名: | ||
| 单 册: | ||
| 中图分类: | P18 | |
| 科图分类: | ||
| 主题词: | 太阳--普及读物 | |
| 电子资源: | ||
| ISBN: | ||
| 000 | 00756nam0 2200277 45 | |
| 001 | 0181005114 | |
| 005 | 20061121110848.93 | |
| 010 | @dCNY2.50 | |
| 091 | @aCN@b13031.1563 | |
| 100 | @a19950607d1981 em y0chiy0121 ea | |
| 101 | 1 | @achi@ceng |
| 102 | @aCN@b110000 | |
| 105 | @ay z 000yy | |
| 200 | 10 | @a宁静太阳@Aning jing tai yang@f(美)吉布森(E.G.Gibson)著@g林元章等译 |
| 210 | @a北京@c科学出版社@d1981 | |
| 215 | @a237页@d25cm | |
| 300 | @a书名原文:The quiet sun | |
| 510 | 1 | @aThe quiet sun@zeng |
| 606 | @a太阳@x普及读物 | |
| 690 | @aP18@v3 | |
| 701 | A1 | @aGibson@bE.G.@4著 |
| 701 | 1 | @a吉布森@Aji bu sen@bE.G.@4著 |
| 702 | 0 | @a林元章@Alin yuan zhang@4译 |
| 801 | 2 | @aCN@bNLC@c20061121 |
| 801 | 0 | @aCN@bTSSF |
| 905 | @a10447@dP18@e5 | |
| 宁静太阳/(美)吉布森(E.G.Gibson)著/林元章等译.-北京:科学出版社,1981 |
| 237页;25cm |
| 书名原文:The quiet sun |
| ISBN :CNY2.50 |
| ● |
| 相关链接 |
|
|
|
|
正题名:宁静太阳
索取号:P18/5
 
预约/预借
| 序号 | 登录号 | 条形码 | 馆藏地/架位号 | 状态 | 备注 |
| 1 | 0051083 | 202101787 | 第二样本阅览室/ [索取号:P18/5] | 在馆 |